000 00675nam a2200241Ia 4500
003 OSt
005 20220918185134.0
006 a|||||r|||| 00| 0
007 ta
008 220917b |||||||| |||| 00| 0 eng d
024 _a49,769
037 _cTextual
040 _aARTS
_cARTS
_beng
041 _2eng
_aeng
082 _aP:28, L2-;1 (PD)
100 _aVandijk Teun A
_966816
245 0 _aSome aspects of text grammars
_b a study theoretical linguistics and poetics
260 _aparis
_bMouton
_c1972
300 _axi,375p.
_ccm.
650 _aLINGUISTICS
942 _hP:28, L2-;1 (PD)
_cTEXL
_2CC
999 _c179391
_d179391